| 000 | 00573nam a2200205 a 4500 | ||
|---|---|---|---|
| 001 | 2292 | ||
| 003 | CDMR | ||
| 005 | 20131121122724.0 | ||
| 008 | 130130s1967||||||||||||||||||||||||||||d | ||
| 040 |
_aCDMR _bcat _cCDMR |
||
| 100 | 1 |
_aMota, Ignacio Hilario de la _9570 |
|
| 245 | 1 | 3 |
_aLa publicidad, un arma política _cIgnacio H. de la Mota |
| 260 |
_aMadrid _c1967 _bTorroba |
||
| 300 | _a186 p. | ||
| 490 | 0 | _aGuia de los Medios | |
| 650 | 0 | 4 |
_93177 _aPropaganda |
| 650 | 0 | 4 |
_94372 _aPublicitat _xAspectes polítics |
| 650 | 0 | 4 |
_94363 _aCampanyes electorals |
| 942 |
_cMON _2udc |
||
| 999 |
_c2292 _d2292 |
||